01327nam a2200289 i 450000100060000000300090000600500170001500700030003200800410003502000180007608000200009410000420011424501960015626000650035230000380041749000700045550000670052565000380059270000400063070000390067070000390070971000490074883000790079785200220087699900170089895201220091542548ES-MaACL20230906160632.0t|030407s2002 sp ||||1| spa d a84-7820-651-5 a7.033.3(460.22)1 aLópez Landa, José María.97372110aEstudios de arte mudéjar aragonés / cJosé María López Landa, Francisco Íñiguez Almech, Leopoldo Torres Balbás ; edición facsímil al cuidado de Gonzalo M. Borrás Gualis. aZaragoza : bInstitución "Fernando el Católico", c2002. a239 p. : bil., planos ; c24 cm.1 aPublicación de la Institución Fernando el Católico ; v2271 aReprod. de distintos artículos publicados entre 1923 y 1956. 4aArte mudéjar-zAragón.9102491 aIñiguez Almech, Francisco.9653711 aTorres Balbás, Leopoldo.91109261 aBorrás Gualis, Gonzalo M.9305602 aInstitución "Fernando el Católico"9472110aPublicación ... de la Institución Fernando el Católicov22719233871 aES-MaACLjL-26153 c42548d42548 00104070aATENEOMbATENEOMcDEPO2d2008-01-17eSCl0oL-26153p1044790r2023-02-23 00:00:00w2023-02-23yMONOGRAFIA